[Event "POR-chT"]
[Site "Soure"]
[Date "2025.07.17"]
[Round "5.10"]
[White "Zlatkov, Anton"]
[Black "Petrov, Nikita"]
[Result "0-1"]
[WhiteElo "2330"]
[BlackElo "2576"]
[PlyCount "94"]
[EventDate "2025.07.14"]
[EventType "team-tourn"]
[EventRounds "9"]
[EventCountry "POR"]
[SourceTitle "CB30_2025"]
[SourceDate "2025.07.23"]
[SourceVersion "1"]
[SourceVersionDate "2025.07.23"]
[SourceQuality "1"]
[WhiteTeam "Tessera"]
[BlackTeam "Estrelas S Joao de Brito"]
[WhiteTeamCountry "POR"]
[BlackTeamCountry "POR"]

1. c4 e5 2. Nc3 Bb4 3. Nd5 a5 4. Nf3 d6 5. a3 Bc5 6. e3 Nd7 7. d4 Ba7 8. Qc2 c6 9. Nc3 Ngf6 10. Bd2 0-0 11. 0-0-0 Re8 12. Be2 e4 13. Ng5 d5 14. cxd5 cxd5 15. f3 Nb6 16. fxe4 Nxe4 17. Ngxe4 dxe4 18. Rhf1 Be6 19. Qxe4 Nc4 20. Bd3 g6 21. Qf4 Rc8 22. Qf6 Qb6 23. Bxc4 Rxc4 24. e4 Qxd4 25. e5 Bb8 26. Rde1 Rc5 27. Qf4 Bxe5 28. Qxd4 Bxd4 29. Kb1 Bf5+ 30. Ka1 Rxe1+ 31. Rxe1 Re5 32. Rd1 Bc2 33. Rc1 Bb3 34. Bf4 Re8 35. Nb5 Bf6 36. Nd6 Ra8 37. Ne4 Bg7 38. Rc7 Re8 39. Nd2 Re1+ 40. Nb1 h5 41. Bd2 Rg1 42. g3 Bd5 43. Rc1 Rg2 44. Rd1 Bf3 45. Rf1 Be4 46. Nc3 Rxd2 47. Nxe4 Rxb2 0-1

[Event "POR-chT"]
[Site "Soure"]
[Date "2025.07.16"]
[Round "4.8"]
[White "Petrov, Nikita"]
[Black "Ruck, Robert"]
[Result "0-1"]
[WhiteElo "2576"]
[BlackElo "2498"]
[PlyCount "76"]
[EventDate "2025.07.14"]
[EventType "team-tourn"]
[EventRounds "9"]
[EventCountry "POR"]
[SourceTitle "CB30_2025"]
[SourceDate "2025.07.23"]
[SourceVersion "1"]
[SourceVersionDate "2025.07.23"]
[SourceQuality "1"]
[WhiteTeam "Estrelas S Joao de Brito"]
[BlackTeam "Dias Ferreira"]
[WhiteTeamCountry "POR"]
[BlackTeamCountry "POR"]

1. e4 c6 2. d4 d5 3. e5 Bf5 4. h4 Qb6 5. g4 Bd7 6. c4 Nh6 7. Be2 f6 8. f4 fxe5 9. fxe5 e6 10. Nc3 c5 11. cxd5 cxd4 12. Ne4 exd5 13. Ng5 Bb4+ 14. Bd2 d3 15. Bxd3 0-0 16. N1f3 Bxg4 17. Bxb4 Qxb4+ 18. Qd2 Qxd2+ 19. Nxd2 Nc6 20. Bxh7+ Kh8 21. e6 Nd4 22. e7 Rae8 23. Nb3 Rxe7+ 24. Kd2 Nf3+ 25. Kd3 Nxg5 26. hxg5 Kxh7 27. gxh6 gxh6 28. Rh2 h5 29. Rc1 Kg6 30. Rc5 Rf5 31. Nd4 Rfe5 32. a4 Kg5 33. a5 h4 34. a6 bxa6 35. Nc6 Re3+ 36. Kd4 R7e4+ 37. Kxd5 h3 38. Nd4 Re5+ 0-1

[Event "AUT-chT Rapid"]
[Site "Pasching"]
[Date "2025.06.01"]
[Round "1.15"]
[White "Mueller, Maximilian3"]
[Black "Petrov, Nikita"]
[Result "0-1"]
[WhiteElo "2037"]
[BlackElo "2563"]
[PlyCount "48"]
[EventDate "2025.06.01"]
[EventType "team-swiss (rapid)"]
[EventRounds "9"]
[EventCountry "AUT"]
[SourceTitle "CB23_2025"]
[SourceDate "2025.06.04"]
[SourceVersion "1"]
[SourceVersionDate "2025.06.04"]
[SourceQuality "1"]
[WhiteTeam "Linz ASV III"]
[BlackTeam "Pinggau Friedberg"]
[WhiteTeamCountry "AUT"]
[BlackTeamCountry "AUT"]

1. e4 e5 2. Nf3 Nc6 3. d4 exd4 4. Nxd4 Nf6 5. Nxc6 bxc6 6. e5 Qe7 7. Qe2 Nd5 8. Nd2 a5 9. c4 Nb6 10. Nf3 Qb4+ 11. Kd1 a4 12. a3 Qb3+ 13. Qc2 Qxc2+ 14. Kxc2 Ba6 15. Kc3 Bc5 16. Bd3 Bxf2 17. Ng5 c5 18. Rf1 Bd4+ 19. Kc2 Bxc4 20. Bxc4 Nxc4 21. Bf4 Rb8 22. Rab1 0-0 23. Nf3 Bxb2 24. Kd3 Nxa3 0-1

[Event "AUT-chT Rapid"]
[Site "Pasching"]
[Date "2025.06.01"]
[Round "2.15"]
[White "Petrov, Nikita"]
[Black "Haas, Michael"]
[Result "1/2-1/2"]
[WhiteElo "2563"]
[BlackElo "2049"]
[PlyCount "136"]
[EventDate "2025.06.01"]
[EventType "team-swiss (rapid)"]
[EventRounds "9"]
[EventCountry "AUT"]
[SourceTitle "CB23_2025"]
[SourceDate "2025.06.04"]
[SourceVersion "1"]
[SourceVersionDate "2025.06.04"]
[SourceQuality "1"]
[WhiteTeam "Pinggau Friedberg"]
[BlackTeam "Gmunden"]
[WhiteTeamCountry "AUT"]
[BlackTeamCountry "AUT"]

1. d4 Nf6 2. Bg5 d5 3. Nd2 c5 4. e3 Nc6 5. c3 Qb6 6. Qb3 Bf5 7. Bxf6 gxf6 8. Ngf3 e6 9. Nh4 Bg6 10. Be2 Be7 11. 0-0 0-0 12. f4 f5 13. Nhf3 Kh8 14. Rab1 Qc7 15. Kh1 c4 16. Qd1 b5 17. Ne5 Nxe5 18. dxe5 Bc5 19. Rf3 Rab8 20. Rh3 Rg8 21. Bh5 b4 22. Bxg6 fxg6 23. Nf3 bxc3 24. bxc3 Rxb1 25. Qxb1 Rb8 26. Qe1 Qb6 27. Qh4 Rb7 28. Qf6+ Kg8 29. Rg3 Bf8 30. h3 Bg7 31. Qh4 Qxe3 32. Qd8+ Bf8 33. Qc8 Rb1+ 34. Kh2 Qb6 35. h4 d4 36. Nxd4 Rd1 37. h5 Kf7 38. hxg6+ hxg6 39. Rh3 Rxd4 40. cxd4 Qxd4 41. Qb7+ Ke8 42. Qc8+ Kf7 43. Qb7+ Ke8 44. Qc6+ Kf7 45. Qf3 Bc5 46. Qb7+ Be7 47. Rh7+ Kg8 48. Rxe7 Qxf4+ 49. g3 Qh6+ 50. Kg2 Qd2+ 51. Kh3 Qh6+ 52. Kg2 Qd2+ 53. Kf1 Qd1+ 54. Kf2 Qd2+ 55. Kf3 Qd3+ 56. Kf4 Qd2+ 57. Kf3 Qd3+ 58. Kg2 Qd2+ 59. Kg1 Qc1+ 60. Kh2 Qh6+ 61. Kg2 Qd2+ 62. Kf1 Qd1+ 63. Kf2 Qd2+ 64. Kg1 Qc1+ 65. Kh2 Qh6+ 66. Kg2 Qd2+ 67. Kf3 Qd3+ 68. Kf4 Qd2+ 1/2-1/2

[Event "AUT-chT Rapid"]
[Site "Pasching"]
[Date "2025.06.01"]
[Round "3.15"]
[White "Sherman, Reem"]
[Black "Petrov, Nikita"]
[Result "1/2-1/2"]
[WhiteElo "2366"]
[BlackElo "2563"]
[PlyCount "66"]
[EventDate "2025.06.01"]
[EventType "team-swiss (rapid)"]
[EventRounds "9"]
[EventCountry "AUT"]
[SourceTitle "CB23_2025"]
[SourceDate "2025.06.04"]
[SourceVersion "1"]
[SourceVersionDate "2025.06.04"]
[SourceQuality "1"]
[WhiteTeam "OBANA"]
[BlackTeam "Pinggau Friedberg"]
[WhiteTeamCountry "ISR"]
[BlackTeamCountry "AUT"]

1. e4 c5 2. Nf3 Nc6 3. Bb5 d6 4. 0-0 Bd7 5. Re1 a6 6. Bf1 Nf6 7. c3 Bg4 8. d4 cxd4 9. cxd4 Bxf3 10. gxf3 d5 11. Nc3 e6 12. Bg5 Be7 13. Bxf6 Bxf6 14. exd5 Nxd4 15. Re4 Nf5 16. dxe6 0-0 17. exf7+ Kh8 18. Rf4 Nd6 19. Qd5 Nxf7 20. Rd1 Qb6 21. Na4 Qc7 22. Rc4 Qe7 23. Re4 Qc7 24. Qc5 Qxc5 25. Nxc5 Ng5 26. Rf4 Bxb2 27. Rxf8+ Rxf8 28. Bg2 h6 29. f4 Ba3 30. Nd3 Ne6 31. Bxb7 a5 32. Ne5 Nxf4 33. f3 Bb2 1/2-1/2

[Event "AUT-chT Blitz"]
[Site "Pasching"]
[Date "2025.05.31"]
[Round "11.18"]
[White "Petrov, Nikita"]
[Black "Fromm, Marius"]
[Result "1-0"]
[WhiteElo "2563"]
[BlackElo "2436"]
[PlyCount "89"]
[EventDate "2025.05.31"]
[EventType "team-swiss (blitz)"]
[EventRounds "13"]
[EventCountry "AUT"]
[SourceTitle "CB23_2025"]
[SourceDate "2025.06.04"]
[SourceVersion "1"]
[SourceVersionDate "2025.06.04"]
[SourceQuality "1"]
[WhiteTeam "Pinggau Friedberg"]
[BlackTeam "Skull Kings"]
[WhiteTeamCountry "AUT"]
[BlackTeamCountry "GER"]

1. d4 Nf6 2. Bg5 e6 3. Nd2 h6 4. Bh4 d5 5. e3 Be7 6. Ngf3 c5 7. c3 b6 8. Bd3 0-0 9. 0-0 Ba6 10. Bxa6 Nxa6 11. Ne5 Nb8 12. f4 Ne8 13. Bxe7 Qxe7 14. Qf3 Nd6 15. c4 cxd4 16. cxd5 exd5 17. Qxd5 Nd7 18. exd4 Nf6 19. Qb3 Rac8 20. Ng6 Qe2 21. Rf2 Qg4 22. Nxf8 Kxf8 23. Qa3 Qd7 24. h3 Kg8 25. Re1 Nf5 26. Nf3 Nd5 27. Qb3 Rd8 28. Ne5 Qe6 29. Nf3 Qf6 30. Qd3 Nxf4 31. Qe4 Ne6 32. Qe5 Qg6 33. d5 Nc5 34. Rd2 Rd6 35. Qf4 Qf6 36. Rf1 g6 37. g4 Ne7 38. Qxf6 Rxf6 39. d6 Nc6 40. d7 Nd8 41. Ne5 Rxf1+ 42. Kxf1 Kf8 43. b4 Nce6 44. b5 Nc5 45. Nc6 1-0

[Event "AUT-chT Blitz"]
[Site "Pasching"]
[Date "2025.05.31"]
[Round "5.14"]
[White "Petrov, Nikita"]
[Black "Kruckenhauser, Arthur"]
[Result "1-0"]
[WhiteElo "2563"]
[BlackElo "2338"]
[PlyCount "89"]
[EventDate "2025.05.31"]
[EventType "team-swiss (blitz)"]
[EventRounds "13"]
[EventCountry "AUT"]
[SourceTitle "CB23_2025"]
[SourceDate "2025.06.04"]
[SourceVersion "1"]
[SourceVersionDate "2025.06.04"]
[SourceQuality "1"]
[WhiteTeam "Pinggau Friedberg"]
[BlackTeam "Hoersching"]
[WhiteTeamCountry "AUT"]
[BlackTeamCountry "AUT"]

1. d4 Nf6 2. Bg5 e6 3. Nd2 h6 4. Bh4 d5 5. e3 b6 6. Ngf3 Be7 7. Bd3 Ba6 8. Bxa6 Nxa6 9. Ne5 Nb8 10. c4 Nfd7 11. Bxe7 Qxe7 12. Qa4 0-0 13. Nxd7 Nxd7 14. cxd5 exd5 15. Qc6 Nf6 16. 0-0 Qb4 17. Nf3 Qxb2 18. a4 Qb4 19. Qxc7 Rfc8 20. Qb7 Rab8 21. Qa6 Qa5 22. Qxa5 bxa5 23. Rfc1 Nd7 24. g4 Kf8 25. Ne1 Rxc1 26. Rxc1 Rb4 27. Rc7 Ke8 28. Nd3 Rxa4 29. Rxa7 Ra1+ 30. Kg2 a4 31. Nb4 Nf6 32. f3 a3 33. Kg3 Rb1 34. Nc2 Rb2 35. Nxa3 Rb3 36. Kf4 g5+ 37. Kf5 Nd7 38. f4 Rxe3 39. fxg5 hxg5 40. Kxg5 Rh3 41. Nb5 Rxh2 42. Nc7+ Kf8 43. Nxd5 Ke8 44. Ra8+ Nb8 45. Rxb8+ 1-0

[Event "PlusCity Grand Prix Rapid"]
[Site "Pasching"]
[Date "2025.05.30"]
[Round "4"]
[White "Petrov, Nikita"]
[Black "Brodowski, Piotr"]
[Result "1-0"]
[WhiteElo "2563"]
[BlackElo "2450"]
[PlyCount "115"]
[EventDate "2025.05.30"]
[EventType "swiss (rapid)"]
[EventRounds "9"]
[EventCountry "AUT"]
[SourceTitle "CB23_2025"]
[SourceDate "2025.06.04"]
[SourceVersion "1"]
[SourceVersionDate "2025.06.04"]
[SourceQuality "1"]

1. d4 Nf6 2. Bg5 c5 3. Bxf6 gxf6 4. d5 Qb6 5. Nd2 f5 6. Rb1 Bg7 7. e3 d6 8. Ne2 Nd7 9. Nf4 Nf6 10. g3 Bd7 11. Bg2 Qa6 12. Bf1 Qxa2 13. Nc4 b5 14. Ra1 Qxa1 15. Qxa1 bxc4 16. Bxc4 0-0 17. 0-0 Rfb8 18. c3 a5 19. Qb1 a4 20. Qc2 Rb6 21. Ra1 Rab8 22. Ra2 Ne4 23. Ne2 e6 24. Nf4 e5 25. Nh5 Nf6 26. Nxf6+ Bxf6 27. Bf1 Kg7 28. Bh3 e4 29. Qe2 h5 30. Bf1 Kg6 31. h4 a3 32. Rxa3 Rxb2 33. Qa6 R8b6 34. Qa8 Rb8 35. Qa6 R8b6 36. Qa8 Rb8 37. Qa6 Be5 38. Qa7 R2b7 39. Qa6 Rb1 40. Kg2 Rc1 41. Ra1 Rxa1 42. Qxa1 Bb5 43. Qa7 Bxf1+ 44. Kxf1 Rb1+ 45. Kg2 Bxc3 46. Qe7 Be5 47. Qg5+ Kh7 48. Qxh5+ Kg7 49. Qg5+ Kf8 50. Qd8+ Kg7 51. Qg5+ Kf8 52. Qxf5 Rb4 53. h5 c4 54. h6 c3 55. Qc8+ Ke7 56. h7 Rb5 57. Qc7+ Kf8 58. Qd8+ 1-0

[Event "PlusCity Grand Prix Rapid"]
[Site "Pasching"]
[Date "2025.05.30"]
[Round "3"]
[White "Wohlfahrt, Herbert J"]
[Black "Petrov, Nikita"]
[Result "0-1"]
[WhiteElo "2365"]
[BlackElo "2563"]
[PlyCount "60"]
[EventDate "2025.05.30"]
[EventType "swiss (rapid)"]
[EventRounds "9"]
[EventCountry "AUT"]
[SourceTitle "CB23_2025"]
[SourceDate "2025.06.04"]
[SourceVersion "1"]
[SourceVersionDate "2025.06.04"]
[SourceQuality "1"]

1. Nf3 d5 2. c4 d4 3. b4 g5 4. d3 g4 5. Nfd2 e5 6. b5 f5 7. e3 c5 8. bxc6 Nxc6 9. Nb3 Nf6 10. exd4 Nxd4 11. Nc3 Bb4 12. Bd2 0-0 13. Be2 Nc6 14. 0-0 f4 15. Nd5 Bxd2 16. Nxd2 h5 17. Nxf6+ Qxf6 18. Ne4 Qg6 19. Kh1 Nd4 20. Re1 Bf5 21. Bf1 h4 22. c5 g3 23. Nd6 Bg4 24. f3 h3 25. fxg4 hxg2+ 26. Bxg2 f3 27. Rxe5 Qh6 28. Rh5 fxg2+ 29. Kxg2 Rf2+ 30. Kg1 Qe3 0-1

[Event "PlusCity Grand Prix Blitz"]
[Site "Pasching"]
[Date "2025.05.29"]
[Round "4"]
[White "Koellner, Ruben Gideon"]
[Black "Petrov, Nikita"]
[Result "0-1"]
[WhiteElo "2503"]
[BlackElo "2563"]
[PlyCount "60"]
[EventDate "2025.05.29"]
[EventType "swiss (blitz)"]
[EventRounds "13"]
[EventCountry "AUT"]
[SourceTitle "CB23_2025"]
[SourceDate "2025.06.04"]
[SourceVersion "1"]
[SourceVersionDate "2025.06.04"]
[SourceQuality "1"]

1. d4 Nf6 2. Nf3 d5 3. e3 a6 4. Nbd2 Bf5 5. Ne5 h6 6. Bd3 e6 7. Bxf5 exf5 8. c4 c6 9. 0-0 Nbd7 10. cxd5 Nxd5 11. Ndc4 Nxe5 12. Nxe5 Bd6 13. Nc4 Bc7 14. Qf3 Qf6 15. b3 0-0 16. Ba3 Rfe8 17. Rfe1 Re6 18. Nb2 Rae8 19. Nd3 b6 20. Rac1 Re4 21. g3 Qe6 22. Rc2 f4 23. gxf4 Bxf4 24. Rec1 Bxe3 25. fxe3 Rxe3 26. Qg2 Rxd3 27. Rxc6 Qf5 28. Rf1 Nf4 29. Qc2 Re2 30. Qxe2 Nxe2+ 0-1

[Event "PlusCity Grand Prix Blitz"]
[Site "Pasching"]
[Date "2025.05.29"]
[Round "12"]
[White "Vitiugov, Nikita"]
[Black "Petrov, Nikita"]
[Result "1/2-1/2"]
[WhiteElo "2671"]
[BlackElo "2563"]
[PlyCount "90"]
[EventDate "2025.05.29"]
[EventType "swiss (blitz)"]
[EventRounds "13"]
[EventCountry "AUT"]
[SourceTitle "CB23_2025"]
[SourceDate "2025.06.04"]
[SourceVersion "1"]
[SourceVersionDate "2025.06.04"]
[SourceQuality "1"]

1. Nf3 d5 2. b3 Nf6 3. Bb2 e6 4. c4 Bd6 5. g3 0-0 6. Bg2 b6 7. 0-0 Bb7 8. Nc3 Nbd7 9. e3 a6 10. Qe2 Re8 11. d4 Qe7 12. a4 Ne4 13. Nxe4 dxe4 14. Nd2 f5 15. a5 e5 16. d5 Nc5 17. Bc3 b5 18. b4 Na4 19. Rxa4 bxa4 20. c5 Bxc5 21. bxc5 Qxc5 22. Ba1 Bxd5 23. g4 Qb5 24. Qd1 Rad8 25. Qc1 g6 26. gxf5 gxf5 27. Bh3 Qd7 28. Kh1 Qf7 29. Rg1+ Kh8 30. Rg5 h6 31. Rxf5 Qg6 32. Rxe5 Rxe5 33. Bxe5+ Kg8 34. Qxc7 Re8 35. Bd7 Rf8 36. Bg3 Qf7 37. Kg1 a3 38. Qd6 Rd8 39. Nxe4 Bxe4 40. Be6 Rxd6 41. Bxf7+ Kxf7 42. Bxd6 a2 43. Be5 Ke6 44. f4 Kf5 45. Kf2 Kg4 1/2-1/2